000 00479nam a2200181Ia 4500
001 22577
005 20260414150840.0
008 260414t2013||||xx |||||||||||||| ||spa||
041 _aESP
082 _a621.382
_bS737
100 _aSequeira, Anthony
_eAUT
245 0 _aInterconnecting Cisco Network Devices, part 1 (ICND1) :
_bfoudation learning guide
260 _c2013
300 _a536 páginas :
_c24 cm.
650 _aTCA
654 _aCET
942 _cLIB
_dJUS
_fJUS
_2ddc
_n
999 _c22577
_d22577